The Problem of Population : Practical Catholic Application (Record no. 1449456)

MARC details
000 -LEADER
fixed length control field 00572nam a2200193Ia 4500
005 - DATE AND TIME OF LATEST TRANSACTION
control field 20250923145301.0
008 - FIXED-LENGTH DATA ELEMENTS--GENERAL INFORMATION
fixed length control field 008 250917s9999 xx 000 0 eng d
037 ## - SOURCE OF ACQUISITION
Stock number Textual
040 ## - CATALOGING SOURCE
Original cataloging agency DSWL
Language of cataloging eng
Transcribing agency DSWL
041 ## - LANGUAGE CODE
Language code of text/sound track or separate title eng
Source of code eng
084 ## - COLON CLASSIFICATION NUMBER
Classification number YX;A;5-P:(Q62), N64
Assigning agency DSWL
245 #4 - TITLE STATEMENT
Title The Problem of Population : Practical Catholic Application
260 ## - PUBLICATION, DISTRIBUTION, ETC.
Place of publication, distribution, etc. India
Name of publisher, distributor, etc. Indian University of Notre Dame Press
Date of publication, distribution, etc. 1964
300 ## - PHYSICAL DESCRIPTION
Extent xiv,185p.
365 ## - TRADE PRICE
Price type code USD
Price amount 1.25
925 ## -
-- 1.25
942 ## - ADDED ENTRY ELEMENTS (KOHA)
Koha item type Textual
Classification part YX;A;5-P:(Q62), N64
Holdings
Withdrawn status Lost status Damaged status Not for loan Home library Current library Date acquired Source of acquisition Inventory number Total Checkouts Full call number Barcode Date last seen Price effective from Koha item type
        Department of Social Work Library Department of Social Work Library 2025-09-23 Gift, Through : Population Council 245 Park Avenue New York-10017 U.S.A. Gift, Through : Population Counc   YX;A;5-P:(Q62), N64 SW0016635 2025-09-23 2025-09-23 Textual
Copyright @ Delhi University Library System